| 000 | 00000cam 2200000zi 4500 |
| 001 | 9.957106 |
| 003 | CaOODSP |
| 005 | 20251209111323 |
| 006 | m o d f |
| 007 | cr cn||||||||| |
| 008 | 251105e202511 oncb o ob f000 0 iku d |
| 020 | |a9780660796222 |
| 040 | |aCaOODSP|beng|erda|cCaOODSP |
| 043 | |an-cn--- |
| 086 | 1 |aFs70-6/2024-035Iku2-PDF |
| 245 | 00|a[Assessment of the south and east Hudson Bay Atlantic walrus (Odobenus rosmarus rosmarus rosmarus) stock in 2022]. |
| 250 | |a[Inuktitut (Nunavut) edition]. |
| 264 | 1|a[Ottawa] : |bFisheries and Oceans Canada, Ecosystems and Oceans Science = Pêches et océans Canada, Sciences des écosystèmes et des océans, |c[November 2025] |
| 264 | 4|c©2025 |
| 300 | |a1 online resource (7 pages) : |bmaps. |
| 336 | |atext|btxt|2rdacontent |
| 337 | |acomputer|bc|2rdamedia |
| 338 | |aonline resource|bcr|2rdacarrier |
| 490 | 1 |a[Science advisory report] ; |v2024/035 |
| 500 | |aEnglish title supplied by the publisher. |
| 500 | |aIssued also in English under title: Assessment of the south and east Hudson Bay Atlantic walrus (Odobenus rosmarus rosmarus rosmarus) stock in 2022. |
| 504 | |aIncludes bibliographical references (page 6). |
| 546 | |aText in Inuktitut (Nunavut). |
| 650 | 0|aWalrus|zHudson Bay. |
| 650 | 0|aWalrus|zHudson Strait (Québec and Nunavut) |
| 650 | 0|aWalrus|zDavis Strait. |
| 650 | 0|aMarine mammal populations|xEstimates|zHudson Bay. |
| 650 | 0|aMarine mammal populations|xEstimates|zHudson Strait (Québec and Nunavut) |
| 650 | 0|aMarine mammal populations|xEstimates|zDavis Strait. |
| 710 | 2 |aCanadian Science Advisory Secretariat, |eissuing body. |
| 710 | 1 |aCanada. |bDepartment of Fisheries and Oceans, |eissuing body. |
| 775 | 08|tAssessment of the south and east Hudson Bay Atlantic walrus (Odobenus rosmarus rosmarus) stock in 2022.|w(CaOODSP)9.937687 |
| 788 | |t[Évaluation du stock de morses de l'atlantique (Odobenus rosmarus rosmarus) du sud et de l'est de la baie d'Hudson en 2022].|efre|w(CaOODSP)9.957109 |
| 830 | #0|aScience advisory report (Canadian Science Advisory Secretariat)|v2024/035.|w(CaOODSP)9.500673 |
| 856 | 40|qPDF|s702 KB|uhttps://publications.gc.ca/collections/collection_2025/mpo-dfo/fs70-6/Fs70-6-2024-035-iku.pdf |